000
00487nam a2200169Ia 4500
008
090711s9999 xx 000 0 und d
082
_b
29266
100
_a
वाळिंबे वि. स.
245
_a
श्रीशिवराय
260
_c
1974
300
_a
87
600
_a
वाळिंबे वि. स.
630
_a
श्रीशिवराय
700
_a
वाळिंबे वि. स.
730
_a
श्रीशिवराय
942
_c
BOOK
999
_c
318465
_d
318465